[Event "World Rapid Team 2023"]
[Site "Dusseldorf GER"]
[Date "2023.08.28"]
[Round "9.3"]
[Board "2"]
[White "Aronian, Levon"]
[Black "Martirosyan, Haik M."]
[Result "1-0"]
[WhiteTitle "GM"]
[BlackTitle "GM"]
[WhiteElo "2742"]
[BlackElo "2683"]
[WhiteTeam "Kompetenzakademie Allstars"]
[BlackTeam "Armenia"]
[WhiteFideId "13300474"]
[BlackFideId "13306553"]
[EventDate "2023.08.26"]

1. e4 e5 2. Nf3 Nc6 3. Bc4 Bc5 4. d3 Nf6 5. c3 d6 6. O-O h6 7. Re1 O-O 8. Nbd2
a5 9. Nf1 a4 10. Bb5 a3 11. b4 Bb6 12. Ng3 Ne7 13. d4 Ng6 14. h3 c6 15. Bd3 Re8
16. Be3 Bc7 17. Qc2 Nh7 18. dxe5 Nxe5 19. Nxe5 dxe5 20. Bc4 Qf6 21. Rad1 Ng5 22.
b5 Bd6 23. h4 Nh7 24. Nf5 Bf8 25. g3 Qg6 26. b6 Nf6 27. Nd6 Bxd6 28. Rxd6 Bg4
29. Qd3 Bf3 30. Bxh6 Bxe4 31. Rxe4 Qxh6 32. Re1 Qh5 33. Bb3 e4 34. Qd4 Qf5 35.
Re2 Re5 36. Rd8+ Rxd8 37. Qxd8+ Kh7 38. Bxf7 Rb5 39. Bb3 Qg4 40. Re1 Rf5 41. Be6
Rd5 42. Qxd5 1-0

[Event "World Rapid Team 2023"]
[Site "Dusseldorf GER"]
[Date "2023.08.28"]
[Round "9.3"]
[Board "4"]
[White "Batsiashvili, Nino"]
[Black "Ter-Sahakyan, Samvel"]
[Result "0-1"]
[WhiteTitle "GM"]
[BlackTitle "GM"]
[WhiteElo "2474"]
[BlackElo "2609"]
[WhiteTeam "Kompetenzakademie Allstars"]
[BlackTeam "Armenia"]
[WhiteFideId "13602993"]
[BlackFideId "13302531"]
[EventDate "2023.08.26"]

1. d4 Nf6 2. c4 e6 3. Nc3 Bb4 4. Nf3 O-O 5. Bg5 c5 6. e3 cxd4 7. Qxd4 Nc6 8. Qf4
h6 9. h4 Re8 10. Nd2 d6 11. Bxh6 gxh6 12. Rh3 Nh7 13. Nde4 Kh8 14. Qxh6 Rg8 15.
Ng5 Rg7 16. Bd3 Bxc3+ 17. bxc3 Qf6 18. Qh5 Qxc3+ 19. Ke2 Qb2+ 20. Kf3 Ne5+ 21.
Kg3 Nxd3 22. Rd1 Nxf2 23. Rxd6 Ne4+ 24. Kh2 Nxd6 25. Rg3 Qe5 0-1

[Event "World Rapid Team 2023"]
[Site "Dusseldorf GER"]
[Date "2023.08.28"]
[Round "9.3"]
[Board "5"]
[White "Danielian, Elina"]
[Black "Becker, Rainer"]
[Result "1-0"]
[WhiteTitle "GM"]
[WhiteElo "2416"]
[BlackElo "2128"]
[WhiteTeam "Armenia"]
[BlackTeam "Kompetenzakademie Allstars"]
[WhiteFideId "13300210"]
[BlackFideId "4664612"]
[EventDate "2023.08.26"]

1. d4 e6 2. Nf3 Nf6 3. e3 c5 4. c4 d5 5. a3 a6 6. Nbd2 Nc6 7. dxc5 dxc4 8. Qc2
Bxc5 9. Bxc4 Bd6 10. O-O O-O 11. b4 Bd7 12. Bb2 Rc8 13. Qb1 Ng4 14. Ne4 Be7 15.
Rd1 f5 16. Bxe6+ Bxe6 17. Rxd8 Rcxd8 18. Nc5 Bc8 19. h3 Nf6 20. Qa2+ Kh8 21. Ng5
Bxc5 22. Nf7+ Rxf7 23. Qxf7 Be7 24. Rc1 Rf8 25. Qb3 Bd7 26. Rd1 Be8 27. Qe6 Bf7
28. Qxf5 Bg6 29. Qe6 Re8 30. Qb3 Rc8 31. f3 Nd8 32. Rd2 Bf7 33. Qd1 Nc6 34. e4
a5 35. b5 Nd8 36. a4 Be6 37. Qe2 Nf7 38. f4 Bc4 39. Qe3 Bb4 40. Rc2 Nd6 41. Bxf6
gxf6 42. Kh2 Re8 43. Qd4 Kg7 44. Rxc4 Rxe4 45. Qxe4 Nxe4 46. Rxe4 Kg6 47. g4 h5
48. Re6 hxg4 49. hxg4 Kf7 50. Rb6 Bd2 51. Rxb7+ Ke6 52. Kg3 Bc3 53. Kf3 Bd4 54.
Ke4 Bc3 55. Rc7 Bb2 56. Rc6+ 1-0

[Event "World Rapid Team 2023"]
[Site "Dusseldorf GER"]
[Date "2023.08.28"]
[Round "9.4"]
[Board "1"]
[White "Lubbe, Nikolas"]
[Black "Huschenbeth, Niclas"]
[Result "1/2-1/2"]
[WhiteTitle "IM"]
[BlackTitle "GM"]
[WhiteElo "2501"]
[BlackElo "2603"]
[WhiteTeam "Team Chessemy.com"]
[BlackTeam "Berlin Chess Federation"]
[WhiteFideId "4694031"]
[BlackFideId "24604747"]
[EventDate "2023.08.26"]

1. d4 Nf6 2. Bg5 e6 3. Nd2 h6 4. Bh4 c5 5. e3 d5 6. c3 Nc6 7. Ngf3 Be7 8. Bd3 b6
9. Bb5 Bd7 10. O-O O-O 11. Qe2 Qc7 12. Bg3 Bd6 13. Bxd6 Qxd6 14. Bxc6 Bxc6 15.
Ne5 Nd7 16. Nxd7 Bxd7 17. Nf3 Rfd8 18. Rfd1 Be8 19. h3 b5 20. e4 dxe4 21. Qxe4
Bc6 22. Qe3 c4 23. Ne5 Bd5 24. a3 a5 25. Qe2 Qc7 26. Re1 b4 27. axb4 axb4 28.
Ng4 Qb7 29. Ne3 bxc3 30. bxc3 Qb3 31. Nxd5 exd5 32. Rxa8 Rxa8 33. Qf3 Rd8 34. g3
Qc2 35. Re7 Qg6 36. Re5 Qd3 37. Re3 Qg6 38. Kg2 Qf6 39. Qxf6 gxf6 40. Kf3 Rb8
41. Kg4 Rb2 42. f3 Kg7 43. h4 Rd2 44. h5 Kf8 45. Kf5 Rd3 46. Kf4 Rd2 47. g4 Rd1
48. Re2 Rc1 49. Re3 Rd1 50. Re2 Rc1 51. Ra2 Rxc3 52. Ra5 Rc1 53. Rxd5 c3 54. Rc5
c2 55. Rc7 Kg7 56. Rc8 Rd1 1/2-1/2

[Event "World Rapid Team 2023"]
[Site "Dusseldorf GER"]
[Date "2023.08.28"]
[Round "9.4"]
[Board "2"]
[White "Rabiega, Robert"]
[Black "Koellner, Ruben Gideon"]
[Result "1/2-1/2"]
[WhiteTitle "GM"]
[BlackTitle "IM"]
[WhiteElo "2468"]
[BlackElo "2478"]
[WhiteTeam "Berlin Chess Federation"]
[BlackTeam "Team Chessemy.com"]
[WhiteFideId "4601475"]
[BlackFideId "12993093"]
[EventDate "2023.08.26"]

1. e4 d6 2. d4 Nf6 3. Nd2 e5 4. c3 Be7 5. Ngf3 Nbd7 6. Bd3 O-O 7. O-O c6 8. a4
a5 9. Re1 Qc7 10. Nf1 Re8 11. Ng3 Bf8 12. h3 g6 13. Be3 Bg7 14. Qd2 b6 15. Rad1
Bb7 16. Bc2 Rad8 17. Bg5 c5 18. dxe5 Nxe5 19. Nxe5 dxe5 20. Qe3 Rxd1 21. Rxd1
Rd8 22. Rxd8+ Qxd8 23. Nf1 h6 24. Bxh6 Bxh6 25. Qxh6 Bxe4 26. Bxe4 Nxe4 27. Qe3
Qd5 28. f3 Nd6 29. Nd2 Kg7 30. Ne4 f5 31. Nxd6 Qxd6 32. Qg5 Kf7 33. Qh6 Qd1+ 34.
Kh2 Qxa4 35. Qh7+ Kf6 36. Qh8+ Kf7 37. Qh7+ Kf6 38. Qh8+ Kf7 1/2-1/2

[Event "World Rapid Team 2023"]
[Site "Dusseldorf GER"]
[Date "2023.08.28"]
[Round "9.4"]
[Board "3"]
[White "Souleidis, Georgios"]
[Black "Baskin, Robert"]
[Result "0-1"]
[WhiteTitle "IM"]
[BlackTitle "IM"]
[WhiteElo "2419"]
[BlackElo "2451"]
[WhiteTeam "Team Chessemy.com"]
[BlackTeam "Berlin Chess Federation"]
[WhiteFideId "4206827"]
[BlackFideId "24662402"]
[EventDate "2023.08.26"]

1. e4 e5 2. Nf3 Nc6 3. Nc3 Nf6 4. d4 exd4 5. Nxd4 Nxe4 6. Nxe4 Qe7 7. f3 d5 8.
Bb5 Bd7 9. Bxc6 bxc6 10. O-O dxe4 11. fxe4 c5 12. Nf5 Qe6 13. Bg5 f6 14. Bf4
O-O-O 15. Qe2 g6 16. Ne3 Qxe4 17. Qa6+ Qb7 18. Qxf6 Rg8 19. Rad1 Bg7 20. Qf7 Bd4
21. c3 Rgf8 22. Qxh7 Rxf4 23. cxd4 Rxf1+ 24. Nxf1 cxd4 25. Qxg6 Qxb2 26. Qa6+
Kb8 27. Nd2 Bf5 28. Qf6 Rd5 29. g4 Bc2 30. Re1 Qb6 31. Re8+ Kb7 32. Qf3 d3+ 33.
Kf1 c6 34. Qf4 Qd4 35. Qxd4 Rxd4 36. h3 c5 37. g5 c4 38. g6 c3 39. Ke1 Ba4 40.
Re7+ Kb6 41. Re6+ Kc7 42. g7 c2 43. Nb3 Bxb3 44. Kd2 c1=Q+ 45. Kxc1 d2+ 46. Kb2
d1=Q 0-1

[Event "World Rapid Team 2023"]
[Site "Dusseldorf GER"]
[Date "2023.08.28"]
[Round "9.4"]
[Board "5"]
[White "Lubbe, Melanie"]
[Black "Paehtz, Elisabeth"]
[Result "0-1"]
[WhiteTitle "WGM"]
[BlackTitle "GM"]
[WhiteElo "2256"]
[BlackElo "2471"]
[WhiteTeam "Team Chessemy.com"]
[BlackTeam "Berlin Chess Federation"]
[WhiteFideId "4690745"]
[BlackFideId "4641833"]
[EventDate "2023.08.26"]

1. e4 c5 2. Nf3 d6 3. d4 cxd4 4. Nxd4 Nf6 5. Nc3 g6 6. Be2 Bg7 7. O-O O-O 8. Re1
Nc6 9. Nb3 a6 10. Bf1 Bd7 11. Nd5 Rc8 12. c3 Nxd5 13. exd5 Ne5 14. Be3 Ng4 15.
Bd4 Nf6 16. c4 b5 17. Rc1 bxc4 18. Bxc4 a5 19. Qe2 Re8 20. Bc3 Ra8 21. Nd4 Qb6
22. Nb5 Rac8 23. a4 Ng4 24. Bxg7 Kxg7 25. b3 Ne5 26. Qb2 Kg8 27. Be2 Bxb5 28.
Bxb5 Rf8 29. Qd2 f5 30. Qe3 Qxe3 31. fxe3 Kg7 32. h3 Kf6 33. Kf2 Nf7 34. Bd7 Rb8
35. Rc3 Ng5 36. Rc7 Ne4+ 37. Kg1 Rxb3 38. Ra7 Rfb8 39. Rxa5 Rb1 40. Rxb1 Rxb1+
41. Kh2 h5 42. h4 Nf2 43. Kg3 Ng4 44. Rb5 Ra1 45. Rb3 Ke5 46. Bc6 Ke4 47. Rb7
f4+ 0-1

[Event "World Rapid Team 2023"]
[Site "Dusseldorf GER"]
[Date "2023.08.28"]
[Round "9.4"]
[Board "6"]
[White "Reichmann, Felix"]
[Black "Rennkamp, David"]
[Result "1-0"]
[WhiteElo "1968"]
[BlackElo "1738"]
[WhiteTeam "Berlin Chess Federation"]
[BlackTeam "Team Chessemy.com"]
[WhiteFideId "16238290"]
[BlackFideId "16249526"]
[EventDate "2023.08.26"]

1. c4 Nf6 2. Nf3 e6 3. g3 d5 4. d4 Nbd7 5. b3 c6 6. Bg2 Bd6 7. O-O O-O 8. Nc3
Re8 9. Bb2 b6 10. Re1 Bb7 11. Nd2 Rc8 12. e4 dxe4 13. Ndxe4 Bf8 14. Qc2 Nxe4 15.
Nxe4 Nf6 16. Rad1 Nxe4 17. Bxe4 h6 18. Qe2 Bb4 19. Rf1 Be7 20. Rd3 Ba8 21. Rfd1
Bf6 22. Qf3 Qe7 23. Bc1 Bg5 24. Bxg5 Qxg5 25. h4 Qf6 26. Qh5 Rcd8 27. f4 Re7 28.
Qe5 Red7 29. Qxf6 gxf6 30. Kf2 Kf8 31. Ke3 Ke7 32. c5 f5 33. Bf3 Bb7 34. a3 f6
35. b4 bxc5 36. bxc5 Rc7 37. Rb3 Ba6 38. Rdb1 Bb5 39. Rb4 a5 40. R4b2 a4 41. Rb4
Rcd7 42. Re1 Kf7 43. Bh5+ Ke7 44. Be2 Rb7 45. Reb1 Rdb8 46. Kd2 Kd7 47. Bc4 Rg8
48. Rg1 Rgb8 49. Rgb1 Rg8 50. Re1 Rxg3 51. Bxe6+ Kd8 52. Bxf5 Rxa3 53. Re6 Ra2+
54. Kc3 Rh2 55. Rxf6 Rxh4 56. Bc2 Ra7 57. f5 a3 58. Bb3 Rh3+ 59. Kd2 a2 60. Rf8+
Kc7 61. Rf7+ Kb8 62. Rxa7 Kxa7 63. Bxa2 Rh2+ 64. Ke3 Rxa2 65. d5 Kb7 66. f6 Kc7
67. f7 Ra8 68. d6+ Kd7 69. Re4 Rf8 70. Re7+ Kd8 71. Ra7 Ba6 72. Rxa6 Rxf7 73.
Ra8+ Kd7 74. Ra7+ 1-0

[Event "World Rapid Team 2023"]
[Site "Dusseldorf GER"]
[Date "2023.08.28"]
[Round "9.5"]
[Board "1"]
[White "Rodshtein, Maxim"]
[Black "Orlov, Andrey"]
[Result "1-0"]
[WhiteTitle "GM"]
[BlackTitle "GM"]
[WhiteElo "2606"]
[BlackElo "2503"]
[WhiteTeam "Rishon LeZion Chess Club"]
[BlackTeam "Duesseldorfer Schachklub 1914/25 e.V."]
[WhiteFideId "2806851"]
[BlackFideId "4125282"]
[EventDate "2023.08.26"]

1. e4 g6 2. d4 Bg7 3. Nc3 c6 4. Nf3 d5 5. h3 Nh6 6. Bd3 O-O 7. O-O f6 8. Ne2 Nf7
9. exd5 cxd5 10. c4 Nc6 11. cxd5 Qxd5 12. Re1 e5 13. dxe5 Nfxe5 14. Nxe5 Nxe5
15. Nf4 Qa5 16. Bd2 Qb6 17. Bc2 Rd8 18. Bb3+ Kh8 19. Nd5 Qd4 20. Ba5 Rxd5 21.
Bxd5 Qc5 22. Bc3 Bf5 23. Bxe5 fxe5 24. Rc1 Qe7 25. Qb3 Rf8 26. Qxb7 Qg5 27. Re3
e4 28. Rc7 Qf6 29. Rf7 Qd4 30. Rxf8+ Bxf8 31. Qf7 1-0

[Event "World Rapid Team 2023"]
[Site "Dusseldorf GER"]
[Date "2023.08.28"]
[Round "9.5"]
[Board "3"]
[White "Bronstein, Or"]
[Black "Levin, Felix"]
[Result "1-0"]
[WhiteTitle "IM"]
[BlackTitle "GM"]
[WhiteElo "2459"]
[BlackElo "2459"]
[WhiteTeam "Rishon LeZion Chess Club"]
[BlackTeam "Duesseldorfer Schachklub 1914/25 e.V."]
[WhiteFideId "2815770"]
[BlackFideId "4650905"]
[EventDate "2023.08.26"]

1. d4 Nf6 2. c4 e6 3. Nf3 d5 4. Nc3 a6 5. cxd5 exd5 6. Bg5 Be6 7. e3 Nbd7 8. Bd3
Bd6 9. O-O c6 10. Bf4 Qb8 11. Qd2 h6 12. b4 O-O 13. h3 Nh5 14. Bh2 Bxh2+ 15.
Nxh2 f5 16. Ne2 Qd6 17. f4 Nhf6 18. Nf3 Ne4 19. Qb2 b5 20. Ne5 Nb6 21. Nc3 a5
22. a3 Nc4 23. Nxc4 bxc4 24. Bxe4 fxe4 25. Na4 axb4 26. axb4 g5 27. Nc5 Rxa1 28.
Qxa1 gxf4 29. exf4 Bc8 30. Qe1 Qf6 31. Qe3 Kh8 32. Rf2 Qh4 33. Kh2 Rg8 34. f5
Qg5 35. Qxg5 hxg5 36. g4 Rf8 37. Ra2 Bxf5 38. gxf5 Rxf5 39. Ra6 Rf2+ 40. Kg3 Rd2
41. Rxc6 c3 42. Rc8+ Kh7 43. Ne6 c2 44. b5 1-0

[Event "World Rapid Team 2023"]
[Site "Dusseldorf GER"]
[Date "2023.08.28"]
[Round "9.5"]
[Board "4"]
[White "Braun, Christian2"]
[Black "Veinberg, Nimrod"]
[Result "0-1"]
[WhiteTitle "IM"]
[BlackTitle "IM"]
[WhiteElo "2427"]
[BlackElo "2417"]
[WhiteTeam "Duesseldorfer Schachklub 1914/25 e.V."]
[BlackTeam "Rishon LeZion Chess Club"]
[WhiteFideId "4692098"]
[BlackFideId "2810280"]
[EventDate "2023.08.26"]

1. Nf3 d5 2. g3 Nf6 3. Bg2 e6 4. O-O Be7 5. d3 O-O 6. Nbd2 c5 7. e4 Nc6 8. Re1
Qc7 9. e5 Nd7 10. Qe2 Re8 11. Nf1 f6 12. exf6 Nxf6 13. Bf4 Bd6 14. Bxd6 Qxd6 15.
Ne5 Nd7 16. Nxc6 bxc6 17. c4 a5 18. Ne3 Ba6 19. Rac1 Rab8 20. Qd2 a4 21. Qa5 Ra8
22. Qxa4 Bb7 23. Qb3 Reb8 24. a3 Bc8 25. Qc2 d4 26. Nf1 Rb7 27. Qe2 e5 28. Bh3
e4 29. Bxd7 Bxd7 30. Qxe4 Rxb2 31. Qe7 Qxe7 32. Rxe7 Bf5 33. Rc7 Bxd3 34. Rxc6
Rxa3 35. Rxc5 Raa2 36. Rd1 Be2 37. Rxd4 h6 38. Rc8+ Kh7 39. Rf8 Rb1 40. Kg2
Bxf1+ 41. Kf3 Rbb2 42. Kg4 Rxf2 43. Rxf2 Rxf2 44. Rf4 Rxf4+ 0-1

[Event "World Rapid Team 2023"]
[Site "Dusseldorf GER"]
[Date "2023.08.28"]
[Round "9.5"]
[Board "5"]
[White "Efroimski, Marsel"]
[Black "Zatonskih, Anna"]
[Result "1-0"]
[WhiteTitle "IM"]
[BlackTitle "IM"]
[WhiteElo "2439"]
[BlackElo "2364"]
[WhiteTeam "Rishon LeZion Chess Club"]
[BlackTeam "Duesseldorfer Schachklub 1914/25 e.V."]
[WhiteFideId "2810964"]
[BlackFideId "14101572"]
[EventDate "2023.08.26"]

1. e4 e6 2. d4 d5 3. Nc3 Nc6 4. e5 f6 5. Bb5 Qd7 6. Nf3 a6 7. Bxc6 Qxc6 8. Ne2
Bd7 9. O-O O-O-O 10. Bd2 Be8 11. Nf4 Bg6 12. Nxg6 hxg6 13. a4 g5 14. b4 Qc4 15.
c3 g4 16. Ne1 fxe5 17. Qxg4 Nf6 18. Qxe6+ Kb8 19. dxe5 Ne4 20. Nf3 Nxd2 21. Nxd2
Qxc3 22. Nf3 Bxb4 23. Rac1 Qa3 24. Qf7 c6 25. Nd4 Rdf8 26. Qd7 Rd8 27. Nxc6+
bxc6 28. Qxc6 Rc8 29. Qb6+ Ka8 30. Qxa6+ Kb8 31. Qb5+ Ka7 32. Qd7+ Kb8 33. Rb1
Rc4 34. Qxd5 Rhc8 35. Qb5+ Ka7 36. e6 R8c5 37. Qe8 Rc8 38. Qd7+ R8c7 39. Qd8 Rc1
40. Rbxc1 Rxc1 41. Qd7+ Ka6 42. g3 Rxf1+ 43. Kxf1 Bc5 44. Qxg7 Qd3+ 45. Kg1 Qb1+
46. Kg2 Qe4+ 47. f3 Qe2+ 48. Kh3 Qxf3 49. Qf7 Qe3 50. Qf5 Kb6 51. Kg4 Qe2+ 52.
Kh3 Qe3 53. Kh4 Qh6+ 54. Kg4 Qg7+ 55. Qg5 Qd4+ 56. Kh5 Qh8+ 57. Kg6 Qg8+ 58. Kf5
Qh7+ 59. Ke5 Qc7+ 60. Kf5 Qh7+ 61. Qg6 Qh3+ 62. Kf6 Qh8+ 63. Kg5 Be7+ 1-0

[Event "World Rapid Team 2023"]
[Site "Dusseldorf GER"]
[Date "2023.08.28"]
[Round "9.5"]
[Board "6"]
[White "Mukovskiy, Peter"]
[Black "Raiko, Yossi"]
[Result "0-1"]
[WhiteElo "1914"]
[BlackElo "1841"]
[WhiteTeam "Duesseldorfer Schachklub 1914/25 e.V."]
[BlackTeam "Rishon LeZion Chess Club"]
[WhiteFideId "16236998"]
[BlackFideId "2835711"]
[EventDate "2023.08.26"]

1. c4 Nf6 2. Nf3 g6 3. g3 Bg7 4. Bg2 O-O 5. O-O d6 6. Nc3 a6 7. d4 Nc6 8. e4 Bg4
9. Be3 Re8 10. Qd2 Bxf3 11. Bxf3 e5 12. d5 Nd4 13. Bg2 c5 14. Ne2 Ng4 15. Bg5
Bf6 16. Bxf6 Nxf6 17. Nxd4 exd4 18. Rae1 b5 19. b3 Ra7 20. Re2 Rae7 21. Rfe1
bxc4 22. bxc4 Ng4 23. Rb1 Ne5 24. Qc1 Qa5 25. h3 Qa4 26. Rc2 Nd3 27. Qd2 Ne5 28.
Rbc1 Rb7 29. f4 Nd7 30. g4 Qa3 31. Re1 Qg3 32. Rb2 Rxb2 33. Qxb2 Qxe1+ 0-1

[Event "World Rapid Team 2023"]
[Site "Dusseldorf GER"]
[Date "2023.08.28"]
[Round "9.6"]
[Board "1"]
[White "Jobava, Baadur"]
[Black "Adly, Ahmed"]
[Result "1-0"]
[WhiteTitle "GM"]
[BlackTitle "GM"]
[WhiteElo "2574"]
[BlackElo "2596"]
[WhiteTeam "Columbus Energy KingsOfChess Krakow"]
[BlackTeam "Africa"]
[WhiteFideId "13601520"]
[BlackFideId "10601619"]
[EventDate "2023.08.26"]

1. e4 c5 2. Nf3 d6 3. d4 cxd4 4. Qxd4 Bd7 5. Be3 Nc6 6. Qd2 g6 7. c4 Nf6 8. Nc3
Ng4 9. Bf4 Bg7 10. Be2 Qa5 11. Rc1 O-O 12. O-O e5 13. Bg5 f6 14. Qxd6 Rf7 15.
Bd2 Rd8 16. Qd3 Qc5 17. Nd5 f5 18. Ng5 Rff8 19. b4 Qd6 20. b5 Nd4 21. Bb4 Qb8
22. h3 Bh6 23. f4 Nxe2+ 24. Qxe2 exf4 25. Ne7+ Kg7 26. Bc3+ Nf6 27. h4 Kh8 28.
exf5 Rde8 29. fxg6 Qd6 30. Rce1 Kg7 31. Nxh7 a6 32. Nxf6 Rxf6 33. Nf5+ Kxg6 34.
Qxe8+ 1-0

[Event "World Rapid Team 2023"]
[Site "Dusseldorf GER"]
[Date "2023.08.28"]
[Round "9.6"]
[Board "2"]
[White "Bellahcene, Bilel"]
[Black "Teclaf, Pawel"]
[Result "1-0"]
[WhiteTitle "GM"]
[BlackTitle "IM"]
[WhiteElo "2515"]
[BlackElo "2586"]
[WhiteTeam "Africa"]
[BlackTeam "Columbus Energy KingsOfChess Krakow"]
[WhiteFideId "696358"]
[BlackFideId "1185934"]
[EventDate "2023.08.26"]

1. e4 c6 2. d4 d5 3. e5 Bf5 4. g4 Bd7 5. Nc3 e6 6. Be3 Qc7 7. f4 c5 8. Nf3 a6 9.
Qd2 cxd4 10. Nxd4 Nc6 11. h4 Nxd4 12. Bxd4 Ne7 13. Qf2 b5 14. Bd3 Nc6 15. Bb6
Qb7 16. O-O-O Rc8 17. Rh3 Be7 18. g5 Nb4 19. Kb1 Nxd3 20. Rdxd3 b4 21. Nd1 Bb5
22. Rd2 d4 23. Bxd4 O-O 24. Ne3 Rfd8 25. Ng4 Qe4 26. Re3 Qf5 27. Rg3 Kh8 28. h5
a5 29. h6 g6 30. b3 a4 31. Rg1 Bc6 32. Ne3 Qh3 33. Nc4 Be4 34. Rg3 Qh1+ 35. Qg1
Qh4 36. Qe3 Bf5 37. Nd6 Kg8 38. Nxc8 Rxc8 39. Rg1 a3 40. Ka1 Bf8 41. Rc1 Qg4 42.
Rf2 Rd8 43. Rd2 Rc8 44. Qf2 Be4 45. c4 bxc3 46. Rxc3 Rd8 47. Be3 Bd5 48. Rdc2
Bb4 49. Rc8 Qd1+ 50. Bc1 Bb7 51. Rxd8+ Qxd8 52. Rc4 Qa5 53. Qc2 Ba6 54. Rc8+
Bxc8 55. Qxc8+ Bf8 56. Kb1 Qd5 57. Qc4 Qb7 58. Bd2 Qh1+ 59. Bc1 Qb7 60. Kc2 Qg2+
61. Bd2 Qa8 62. b4 Qa4+ 63. Kd3 Qd1 64. b5 Qf1+ 65. Kc3 Qa1+ 66. Kc2 Qb2+ 67.
Kd3 Qb1+ 68. Ke2 Qg1 69. Be3 Qg4+ 70. Kd2 Qg2+ 71. Kc3 Qb2+ 72. Kd3 Bb4 73. Qc2
Qa1 74. Kc4 Qb2 75. Qb3 Ba5 76. b6 Qe2+ 77. Kc5 Qb2 78. b7 Bc7 79. Kc6 Bb8 80.
Bc5 Qe2 81. Kb6 Qb2 82. Bxa3 Qd4+ 83. Bc5 Qd8+ 84. Ka6 f6 85. Qxe6+ 1-0

[Event "World Rapid Team 2023"]
[Site "Dusseldorf GER"]
[Date "2023.08.28"]
[Round "9.6"]
[Board "3"]
[White "Gumularz, Szymon"]
[Black "Solomon, Kenny"]
[Result "1-0"]
[WhiteTitle "GM"]
[BlackTitle "GM"]
[WhiteElo "2588"]
[BlackElo "2324"]
[WhiteTeam "Columbus Energy KingsOfChess Krakow"]
[BlackTeam "Africa"]
[WhiteFideId "1188062"]
[BlackFideId "14300192"]
[EventDate "2023.08.26"]

1. c4 e5 2. d3 Nf6 3. Nf3 Nc6 4. a3 d5 5. cxd5 Nxd5 6. Qc2 Be7 7. e3 a5 8. b3
O-O 9. Bb2 f6 10. Nbd2 Kh8 11. Be2 Qe8 12. O-O Qf7 13. Rac1 Be6 14. Rfe1 Rfd8
15. Bf1 Bf8 16. Qb1 Nb6 17. Nc4 Nd5 18. Be2 Kg8 19. Bd1 Kh8 20. Bc2 Qh5 21. Qa1
Bg4 22. Ncd2 Be6 23. Nf1 Qf7 24. Qb1 Nb6 25. d4 Bxb3 26. Bxh7 Ba2 27. Bg6 Bxb1
28. Bxf7 Be4 29. dxe5 Bxf3 30. gxf3 fxe5 31. Rc2 Na4 32. Rc4 Nd4 33. Rxa4 Nxf3+
34. Kh1 Rd7 35. Ba2 Ra6 36. Re2 Rg6 37. Ng3 Rd1+ 38. Kg2 Ne1+ 39. Kh3 Be7 40.
Rxe1 Rxe1 41. Bxe5 Rh6+ 42. Kg2 b6 43. Nf5 Rg6+ 44. Kf3 Bd8 45. Rd4 Bg5 46. h4
Bf6 47. h5 Rg5 48. Kf4 Ra1 49. Bxf6 gxf6 50. Bf7 Rxa3 51. Bg6 Rxf5+ 52. Kxf5 1-0

[Event "World Rapid Team 2023"]
[Site "Dusseldorf GER"]
[Date "2023.08.28"]
[Round "9.6"]
[Board "4"]
[White "Moueden, Mohamed Amine"]
[Black "Jakubiec, Artur"]
[Result "0-1"]
[BlackTitle "GM"]
[WhiteElo "1953"]
[BlackElo "2442"]
[WhiteTeam "Africa"]
[BlackTeam "Columbus Energy KingsOfChess Krakow"]
[WhiteFideId "7902018"]
[BlackFideId "1103261"]
[EventDate "2023.08.26"]

1. e4 c5 2. Nf3 Nc6 3. d4 cxd4 4. Nxd4 e5 5. Nb5 d6 6. N1c3 a6 7. Na3 Be6 8. Bc4
b5 9. Bd5 Rc8 10. Bxc6+ Rxc6 11. Nd5 Nf6 12. Bg5 Be7 13. Bxf6 Bxf6 14. c3 O-O
15. Nc2 Bg5 16. Nce3 g6 17. g4 Rc5 18. h4 Bxh4 19. Qf3 Bg5 20. Rd1 h6 21. Nb4
Qb6 22. Nbd5 Qb7 23. Nf6+ Kg7 24. Ned5 a5 25. b3 Rh8 26. Rd3 Qb8 27. Ne3 Bxf6
28. Nf5+ Bxf5 29. gxf5 Bg5 30. Qd1 Rd8 31. fxg6 fxg6 32. Rhh3 Qb7 33. Qg4 Qe7
34. Rhf3 d5 35. Kf1 Bf4 36. Rh3 dxe4 37. Rxd8 Qxd8 38. Qe6 Rd5 39. c4 Rd1+ 40.
Kg2 Qg5+ 0-1

[Event "World Rapid Team 2023"]
[Site "Dusseldorf GER"]
[Date "2023.08.28"]
[Round "9.6"]
[Board "5"]
[White "Kulon, Klaudia"]
[Black "February, Jesse Nikki"]
[Result "1-0"]
[WhiteTitle "IM"]
[BlackTitle "WIM"]
[WhiteElo "2320"]
[BlackElo "1849"]
[WhiteTeam "Columbus Energy KingsOfChess Krakow"]
[BlackTeam "Africa"]
[WhiteFideId "1131044"]
[BlackFideId "14312336"]
[EventDate "2023.08.26"]

1. c4 e5 2. g3 Nf6 3. Bg2 d5 4. cxd5 Nxd5 5. Nc3 Nb6 6. e3 Be7 7. Nge2 O-O 8.
O-O c5 9. f4 exf4 10. Nxf4 N8d7 11. Ncd5 Nf6 12. Nxe7+ Qxe7 13. b3 Rd8 14. Bb2
Ne4 15. d3 Ng5 16. Qd2 c4 17. Qc3 Qxe3+ 18. Kh1 f6 19. Rae1 Qc5 20. dxc4 Bg4 21.
Bxb7 Rab8 22. Bg2 Re8 23. h3 Rxe1 24. Rxe1 Bf5 25. g4 Bg6 26. h4 Qf2 27. Nxg6
hxg6 28. hxg5 Na4 29. Bd5+ Kf8 30. Ba3+ Nc5 31. Qe3 Qh4+ 32. Kg1 Qxg4+ 33. Bg2
Qxg5 34. Qxg5 fxg5 35. Bxc5+ 1-0

[Event "World Rapid Team 2023"]
[Site "Dusseldorf GER"]
[Date "2023.08.28"]
[Round "9.6"]
[Board "6"]
[White "Odiah, Isaac Babu"]
[Black "Przedlacki, Wiktor"]
[Result "0-1"]
[WhiteElo "1893"]
[BlackElo "1702"]
[WhiteTeam "Africa"]
[BlackTeam "Columbus Energy KingsOfChess Krakow"]
[WhiteFideId "10800549"]
[BlackFideId "21099529"]
[EventDate "2023.08.26"]

1. d4 Nf6 2. c4 c5 3. d5 b5 4. b3 g6 5. Nc3 b4 6. Na4 d6 7. Bb2 Bg7 8. Qc2 Bf5
9. Qc1 O-O 10. Nf3 Qa5 11. e3 Bd7 12. Bxf6 Bxf6 13. Nb2 Qa3 14. Rb1 Qxa2 15. Nd3
Bc3+ 16. Kd1 a5 17. Qc2 Qxc2+ 18. Kxc2 a4 19. Nb2 a3 20. Bd3 axb2 21. Rxb2 Bxb2
22. Kxb2 e6 23. e4 exd5 24. exd5 Re8 25. Nd2 Bf5 0-1